Open Data Biblioteca Nacional de Portugal


República Portuguesa: Ministério da Cultura
Biblioteca Nacional de Portugal

Catálogo da BNP: acesso por Identificadores Unívocos
Registos Bibliográficos associados ao registo de autoridade

Etiqueta de registo: 00254nam 2200025 450
001 2286204
003 http://id.bnportugal.gov.pt/bib/catbnp/2286204
100 ## $a20260512d2026 k y0pory01030103ba
101 0# $aeng$dpor
102 ## $aPT
105 ## $aa m 001yy
106 ## $ar
200 1# $aStructural modulation of porphyrins for antimicrobial applications$fZoé Ladieu Arcas Arnaut Moreira$gorient. Maria Miguéns Pereira, Miguel A. R. B. Castanho, Vanderlei S. Bagnato
210 #9 $aCoimbra$c[s.n.],$d2026
215 ## $a[10], XII, 156 p.$cil.$d30 cm
328 #1 $aTese dout. Química (Química Médica), Faculdade de Ciências e Tecnologia da universidade de Coimbra 2025
700 #1 $aMoreira,$bZoé Ladieu Arcas Arnaut$31998202
702 #1 $aPereira,$bMaria Miguéns$4727$3584106
702 #1 $aCastanho,$bMiguel Augusto Rico Botas$4727$3119294
702 #1 $aBagnato,$bVanderlei S.$4727$31998204
801 #0 $aPT$bBN$gRPC
966 ## $lBN$mFGMON$x1
971 ## $cisantos$d20260512

OpendataBNP@bnportugal.pt | Mais informação sobre acesso aos dados BNP